Score 0/25 Timer 05:00
0 Plays Today
% Correct
Chucky/Charles Lee Ray
90.1%
Hannibal Lecter
83.9%
Jason Voorhees
70.8%
Pennywise
70.7%
Pinhead
69.9%
Ghostface
69.9%
Predator
64.1%
Michael Myers
62.3%
Norman Bates
62.1%
Freddy Krueger
61.7%
Jack Torrance
58.2%
The Leprechaun
52.5%
Damien Thorn
52.3%
% Correct
Jigsaw/John Kramer
50.9%
The Candyman/Daniel Robitaille
49.4%
Leatherface
45.2%
Annie Wilkes
44.8%
Patrick Bateman
41.3%
Cujo
41.3%
Regan MacNeil/Pazuzu
36.4%
Samara Morgan/Sadako Yamamura
32.4%
Pamela Voorhees
23.6%
Count Orlok
18.2%
Captain Spaulding
14.7%
The Nun/Valak
10.5%
Remove Ads.
Support Sporcle.
Get the best of Sporcle when you Go Orange. This ad-free experience offers more features, more stats, and more fun while also helping to support Sporcle. Thank you for becoming a member.

You're not logged in!

Compare scores with friends on all Sporcle quizzes.
OR
Log In

Sporcle TV

Today on Sporcle TV


Watch our educational content, quiz creation guides, and fun videos on Sporcle TV.

Show Comments

Extras

Top Quizzes Today


Score Distribution

Paid Content

Your Account Isn't Verified!

In order to create a playlist on Sporcle, you need to verify the email address you used during registration. Go to your Sporcle Settings to finish the process.

Report this User

Report this user for behavior that violates our Community Guidelines.

Details: